| 000 | 00381 a2200145 4500 | ||
|---|---|---|---|
| 005 | 20250607101021.0 | ||
| 020 | _a0-7121-0696-0 | ||
| 082 | _a001.6 AND | ||
| 100 | _aANDERSON, R. G. | ||
| 245 | _aData Processing: Volume 1 Principle and Practice. | ||
| 250 | _a6th Ed. | ||
| 260 |
_aLondon, _bPitman, _c1987. |
||
| 300 |
_axi,400p.: ill.; figure, table. _bIndex _c18cm |
||
| 942 |
_2ddc _cBKS |
||
| 999 |
_c51 _d51 |
||